00460nam a2200193Ia 4500003000400000005001700004008004100021020002200062040000700084041000800091082002100099100001600120245003000136260004100166300001200207365001300219650001300232650002100245OSt20230622162957.0210423s2009 xx 000 0 und d a978-81-8411-188-0 cAL aeng a616.4223b YADT aYADAV (P R) aTextbook of endocrinology aNew DelhibSonali Publicationsc2009 a309bHB b875cINR aDiseases aMedical Sciences